La imprenta en Alcalá de Henares (1502-1600) / (Record n. 11275)
[ formato base ]
| 000 -LEADER | |
|---|---|
| fixed length control field | 00998nam a2200265 i 4500 |
| 003 - CONTROL NUMBER IDENTIFIER | |
| control field | IT-RoINE |
| 005 - DATE AND TIME OF LATEST TRANSACTION | |
| control field | 20200423132900.0 |
| 008 - FIXED-LENGTH DATA ELEMENTS--GENERAL INFORMATION | |
| fixed length control field | 920511s1991 sp |r 000|||spa|d |
| 020 ## - INTERNATIONAL STANDARD BOOK NUMBER | |
| International Standard Book Number | 8476350953 |
| 040 ## - CATALOGING SOURCE | |
| Original cataloging agency | SpMaBN |
| Transcribing agency | SpMaBN IT-RoINE |
| Modifying agency | IT-RoINE |
| 100 1# - MAIN ENTRY--PERSONAL NAME | |
| Personal name | Martín Abad, Julián, |
| Dates associated with a name | 1946- |
| 9 (RLIN) | 23053 |
| 245 13 - TITLE STATEMENT | |
| Title | La imprenta en Alcalá de Henares (1502-1600) / |
| Statement of responsibility, etc | Julián Martín Abad ; introducción a la "Tipobibliografía española", José Simón Díaz. |
| 260 ## - PUBLICATION, DISTRIBUTION, ETC. (IMPRINT) | |
| Place of publication, distribution, etc | Madrid : |
| Name of publisher, distributor, etc | Arco Libros,. |
| Date of publication, distribution, etc | 1991. |
| 300 ## - PHYSICAL DESCRIPTION | |
| Extent | 3 v. ; |
| Dimensions | 25 cm. |
| 336 ## - CONTENT TYPE | |
| Source | rdacontent |
| Content type term | text |
| 337 ## - MEDIA TYPE | |
| Source | rdamedia |
| Media type term | unmediated |
| 338 ## - CARRIER TYPE | |
| Source | rdacarrier |
| Carrier type term | volume |
| 490 1# - SERIES STATEMENT | |
| Series statement | Tipobibliografía española |
| 504 ## - BIBLIOGRAPHY, ETC. NOTE | |
| Bibliography, etc | Bibliografía: p. 159-191. |
| 650 #4 - SUBJECT ADDED ENTRY--TOPICAL TERM | |
| Topical term or geographic name as entry element | Imprenta |
| Geographic subdivision | España |
| -- | Alcalá de Henares |
| General subdivision | Historia |
| 9 (RLIN) | 23054 |
| 650 #4 - SUBJECT ADDED ENTRY--TOPICAL TERM | |
| 9 (RLIN) | 23056 |
| Topical term or geographic name as entry element | Libros antiguos |
| Geographic subdivision | España |
| -- | Alcalá de Henares |
| Form subdivision | Bibliografía |
| 700 1# - ADDED ENTRY--PERSONAL NAME | |
| Personal name | Simón Díaz, José, |
| Dates associated with a name | 1920-2012 |
| 9 (RLIN) | 15076 |
| 830 #0 - SERIES ADDED ENTRY--UNIFORM TITLE | |
| Uniform title | Tipobibliografía española |
| 9 (RLIN) | 23059 |
| 942 ## - ADDED ENTRY ELEMENTS (KOHA) | |
| Item type | Monografías |
| Withdrawn status | Lost status | Damaged status | Not for loan | Home library | Current library | Date acquired | Total Checkouts | Full call number | Barcode | Date last seen | Price effective from | Koha item type | Public note |
|---|---|---|---|---|---|---|---|---|---|---|---|---|---|
| Iglesia Nacional Española en Roma | Iglesia Nacional Española en Roma | 24/03/2016 | HIS.ESP.3. 723.1 | 22923 | 24/03/2016 | 24/03/2016 | Monografías | v. 1 | |||||
| Iglesia Nacional Española en Roma | Iglesia Nacional Española en Roma | 24/03/2016 | HIS.ESP.3. 723.2 | 22924 | 24/03/2016 | 24/03/2016 | Monografías | v. 2 | |||||
| Iglesia Nacional Española en Roma | Iglesia Nacional Española en Roma | 24/03/2016 | HIS.ESP.3. 723.3 | 22925 | 24/03/2016 | 24/03/2016 | Monografías | v. 3 |